|
|
|
|
| LEADER |
00000nab a2200000 a 4500 |
| 001 |
vtls010028517 |
| 003 |
SK-MaSNL |
| 005 |
20260303191616.0 |
| 008 |
140422c2009 xo | | 0 slo |
| 015 |
|
|
|a SNBRB2009/12
|2 snkbucl
|
| 040 |
|
|
|a SNKBUCL
|b slo
|c SNKBUCL
|e AACR2
|
| 041 |
0 |
|
|a slo
|
| 044 |
|
|
|a xo
|c SK
|
| 080 |
|
|
|a 7(437.6).079
|x (430)
|2 2001
|
| 080 |
|
|
|a 008(437.6).079
|x (430)
|2 2001
|
| 080 |
|
|
|a 791(437.6).079
|x (430)
|2 2001
|
| 080 |
|
|
|a 82:061.7
|x (430)
|2 2001
|
| 245 |
0 |
0 |
|a Slovenské filmy v Regensburgu
|c [autor] (r)
|
| 611 |
2 |
7 |
|a Donumenta
|g festival
|d (2009 :
|c Regensburg, Nemecko)
|2 snkbucl
|9 1221187
|
| 650 |
0 |
7 |
|a slovenské umenie
|x prezentácia
|2 snkbucl
|9 1221188
|
| 650 |
0 |
7 |
|a slovenský film
|x prezentácia
|2 snkbucl
|9 1221189
|
| 650 |
0 |
7 |
|a kultúrne festivaly
|2 snkbucl
|9 87540
|
| 651 |
|
7 |
|a Regensburg (Nemecko)
|2 snkbucl
|9 57093
|
| 773 |
0 |
|
|t Literárny (dvoj)týždenník
|g Roč. XXII, č. 35-36 (2009), s. 2
|x 0862-5999
|
| 850 |
|
|
|a Slovenská národná knižnica v Martine
|
| 852 |
|
|
|a SNK
|b KIS3GCP
|
| 958 |
|
|
|a SK
|
| 958 |
|
|
|a DE
|
| 999 |
|
|
|c 2142012
|d 2143942
|